[Event "IND-ch 59th"]
[Site "New Delhi"]
[Date "2023.01.03"]
[Round "13"]
[White "Amit, Dhoundiyal"]
[Black "Anishka, Vikram"]
[Result "1-0"]
[WhiteElo "1475"]
[BlackElo "1907"]
[PlyCount "111"]
[EventDate "2022.12.22"]
[EventType "swiss"]
[EventRounds "13"]
[EventCountry "IND"]
[SourceTitle "CBM 211 Extra"]
[Source "ChessBase"]
[SourceDate "2023.01.31"]
[SourceVersion "1"]
[SourceVersionDate "2023.01.31"]
[SourceQuality "1"]

1. d4 d5 2. Nf3 Nf6 3. g3 e6 4. Bg2 Be7 5. 0-0 0-0 6. c4 c6 7. Nc3 b6 8. Ne5 Bb7 9. cxd5 cxd5 10. Bf4 Nbd7 11. Rc1 Nxe5 12. Bxe5 Qd7 13. Qb3 Rac8 14. Rfd1 Ba6 15. Qc2 b5 16. a3 Ng4 17. Bf4 b4 18. axb4 Bxb4 19. Bf3 Bxc3 20. bxc3 Nf6 21. Ra1 Bc4 22. Rdb1 Rc6 23. h4 Rfc8 24. h5 a6 25. Bg5 Ne8 26. e4 Nc7 27. h6 g6 28. Rb7 Ra8 29. Qa4 Re8 30. Bf4 Bb5 31. Qa5 Rc8 32. exd5 exd5 33. Re1 Qd8 34. Bxc7 R6xc7 35. Rxc7 Qxc7 36. Qxc7 Rxc7 37. Bxd5 Kf8 38. c4 Bd7 39. Ra1 Ra7 40. Ra5 Ke7 41. Kf1 Bc8 42. Ke2 Kd6 43. Kd3 f6 44. Be4 f5 45. c5+ Ke7 46. Bg2 Bd7 47. d5 Bb5+ 48. Kd4 Kd7 49. Ke5 Ke7 50. c6 Bc4 51. d6+ Kd8 52. Rc5 Bb5 53. Bd5 Ba4 54. c7+ Kc8 55. Be6+ Bd7 56. Bxd7+ 1-0

[Event "IND-ch 59th"]
[Site "New Delhi"]
[Date "2022.12.27"]
[Round "6"]
[White "Amit, Dhoundiyal"]
[Black "Chidvilash, Sai Surapaneni"]
[Result "1-0"]
[WhiteElo "1475"]
[BlackElo "2177"]
[PlyCount "65"]
[EventDate "2022.12.22"]
[EventType "swiss"]
[EventRounds "13"]
[EventCountry "IND"]
[SourceTitle "CBM 211 Extra"]
[Source "ChessBase"]
[SourceDate "2023.01.31"]
[SourceVersion "1"]
[SourceVersionDate "2023.01.31"]
[SourceQuality "1"]

1. d4 Nf6 2. Bf4 d5 3. Nd2 c5 4. e3 Nc6 5. Ngf3 Qb6 6. dxc5 Qxc5 7. c4 Bg4 8. Rc1 Qa5 9. Qb3 0-0-0 10. cxd5 Bxf3 11. gxf3 Nxd5 12. Bg3 e6 13. a3 Nb6 14. Qc3 Qxc3 15. Rxc3 Be7 16. Ba6 bxa6 17. Rxc6+ Kd7 18. Rc7+ Ke8 19. Rxa7 Na4 20. Rxa6 Nxb2 21. Ke2 Nd3 22. Nb3 Rf8 23. Rd1 Nb2 24. Rxd8+ Kxd8 25. Ra8+ Kd7 26. Ra7+ Ke8 27. a4 g5 28. a5 f5 29. a6 f4 30. Ra8+ Kd7 31. Rxf8 Bxf8 32. a7 fxg3 33. fxg3 1-0

[Event "Uadjpur Pandiyar Memorial 7th"]
[Site "Uadjpur"]
[Date "2022.10.10"]
[Round "6"]
[White "Anadkat, Kartavya"]
[Black "Amit, Dhoundiyal"]
[Result "1-0"]
[WhiteElo "1995"]
[BlackElo "1376"]
[PlyCount "53"]
[EventDate "2022.10.08"]
[EventType "swiss"]
[EventRounds "9"]
[EventCountry "IND"]
[SourceTitle "CBM 210 Extra"]
[Source "ChessBase"]
[SourceDate "2022.11.30"]
[SourceVersion "1"]
[SourceVersionDate "2022.11.30"]
[SourceQuality "1"]

1. e4 e6 2. d4 d5 3. Nd2 dxe4 4. Nxe4 Nd7 5. Nf3 Ngf6 6. Nxf6+ Nxf6 7. Bd3 a6 8. Bg5 c5 9. dxc5 Bxc5 10. Qe2 Bd7 11. Ne5 Qa5+ 12. c3 Bd4 13. Bxf6 gxf6 14. Nc4 Bxc3+ 15. Kf1 Qc5 16. bxc3 b5 17. Qe3 Qc7 18. Qb6 Qf4 19. Qe3 Qc7 20. Nb6 Rd8 21. Nd5 Qb7 22. Nxf6+ Ke7 23. Ne4 Bc6 24. f3 Rhg8 25. Qc5+ Kd7 26. Nf6+ Kc8 27. Be4 1-0